[Event "16. Obert Internacional Sant Martí 2014"]
[Site "Barcelona ESP"]
[Date "2014.07.20"]
[Round "8.36"]
[White "Sanchez Lopez, Juan Manuel"]
[Black "Matsenko, Elena"]
[Result "0-1"]
[WhiteElo "2141"]
[BlackElo "1929"]
[PlyCount "80"]
[EventDate "2014.07.13"]
[EventType "swiss"]
[EventRounds "9"]
[EventCountry "ESP"]
[Source "lmi"]
[SourceDate "2014.07.13"]

1. c4 e6 2. e4 d5 3. cxd5 exd5 4. exd5 Nf6 5. Nc3 Nxd5 6. Bc4 Nb6 7. Bb3 Be7 8.
h3 O-O 9. Nf3 Nc6 10. d4 Bf6 11. Be3 Na5 12. Bc2 Nac4 13. O-O Re8 14. Bf4 g6
15. Ne4 Bg7 16. Bg5 f6 17. Bh4 Kh8 18. b3 Nd6 19. Ne5 Be6 20. Nxd6 Qxd6 21.
Nxg6+ hxg6 22. Bxg6 Red8 23. Qh5+ Kg8 24. Rfe1 Qd5 25. Bh7+ Kf8 26. Qe2 Re8 27.
Be4 Qd7 28. Qf3 Nd5 29. g4 c6 30. g5 f5 31. Bc2 Ne7 32. Bg3 Bd5 33. Qh5 Bf7 34.
Qh7 Bg8 35. Qh5 Bf7 36. Qh7 Rad8 37. Be5 Bxe5 38. Rxe5 Qxd4 39. Qh6+ Kg8 40.
Rae1 Rd6 0-1

[Event "16. Obert Internacional Sant Martí 2014"]
[Site "Barcelona ESP"]
[Date "2014.07.20"]
[Round "8.37"]
[White "Quirhuayo, Gonzalo"]
[Black "Pozanco Romasanta, Marc"]
[Result "1-0"]
[WhiteElo "1858"]
[BlackElo "2088"]
[PlyCount "51"]
[EventDate "2014.07.13"]
[EventType "swiss"]
[EventRounds "9"]
[EventCountry "ESP"]
[Source "lmi"]
[SourceDate "2014.07.13"]

1. e4 c6 2. d4 d5 3. Nc3 dxe4 4. Nxe4 Nf6 5. Nxf6+ gxf6 6. c3 Qd5 7. Nf3 Nd7 8.
Be3 Nb6 9. b3 Bg4 10. Be2 e6 11. a4 Qh5 12. Nd2 Bxe2 13. Qxe2 Qg6 14. O-O Nd5
15. c4 Nc3 16. Qf3 Rg8 17. g3 Bb4 18. a5 a6 19. Rac1 Qd3 20. Rxc3 Bxc3 21. Ne4
O-O-O 22. Rd1 Qc2 23. Rc1 Qb2 24. Nxc3 Rxd4 25. Na4 Qxb3 26. Nb6+ 1-0

[Event "16. Obert Internacional Sant Martí 2014"]
[Site "Barcelona ESP"]
[Date "2014.07.20"]
[Round "8.38"]
[White "Lasinskas, Povilas"]
[Black "Yapar, Nedim"]
[Result "1-0"]
[WhiteElo "2212"]
[BlackElo "1971"]
[PlyCount "71"]
[EventDate "2014.07.13"]
[EventType "swiss"]
[EventRounds "9"]
[EventCountry "ESP"]
[Source "lmi"]
[SourceDate "2014.07.13"]

1. d4 Nf6 2. c4 e6 3. Nc3 Bb4 4. f3 d5 5. a3 Bxc3+ 6. bxc3 O-O 7. Bg5 h6 8. Bh4
c5 9. e3 Nbd7 10. Bd3 Qa5 11. Ne2 b6 12. O-O Ba6 13. cxd5 exd5 14. e4 cxd4 15.
cxd4 Bxd3 16. Qxd3 dxe4 17. fxe4 Rfe8 18. e5 Nd5 19. Qf5 Nf8 20. Qxf7+ Kh8 21.
Ng3 Ne6 22. Nf5 Qd2 23. Rad1 Qe2 24. Rde1 Qb2 25. Nd6 Rf8 26. Qxe6 Rxf1+ 27.
Rxf1 Ne3 28. Nf7+ Kh7 29. Qc6 Nxf1 30. Qe4+ Kg8 31. Qxa8+ Kxf7 32. Qd5+ Kg6 33.
Qe4+ Kh5 34. Kxf1 Qc1+ 35. Be1 Qxa3 36. g4+ 1-0

[Event "16. Obert Internacional Sant Martí 2014"]
[Site "Barcelona ESP"]
[Date "2014.07.20"]
[Round "8.39"]
[White "Castillo Escario, Yolanda"]
[Black "Asensio Linan, Teodoro"]
[Result "0-1"]
[WhiteElo "2029"]
[BlackElo "2189"]
[PlyCount "108"]
[EventDate "2014.07.13"]
[EventType "swiss"]
[EventRounds "9"]
[EventCountry "ESP"]
[Source "lmi"]
[SourceDate "2014.07.13"]

1. e4 c5 2. Nf3 d6 3. Bb5+ Nc6 4. d4 cxd4 5. Qxd4 Qa5+ 6. Nc3 Bg4 7. Qd5 Qc7 8.
Qc4 Rc8 9. Nd5 Qd8 10. Nd4 Bd7 11. O-O e5 12. Nf5 Nd4 13. Bxd7+ Qxd7 14. Qd3
Nxc2 15. Rb1 g6 16. Nh6 Bg7 17. Bg5 Nxh6 18. Bxh6 O-O 19. Bg5 f6 20. Bh4 Kh8
21. Rbc1 Nd4 22. Rxc8 Qxc8 23. f4 Qg4 24. Bg3 h5 25. h3 Qxg3 26. Qxg3 Ne2+ 27.
Kf2 Nxg3 28. Kxg3 exf4+ 29. Nxf4 Kh7 30. Rd1 f5 31. Rxd6 Be5 32. Re6 h4+ 33.
Kf2 Bxf4 34. Re7+ Kh6 35. e5 Rb8 36. Kf3 Bc1 37. b3 a5 38. e6 g5 39. Rd7 Re8
40. Rxb7 Bd2 41. e7 Bb4 42. Rb5 Kg6 43. Rb6+ Kg7 44. Rb5 Rxe7 45. Rxf5 Rf7 46.
Kg4 Rxf5 47. Kxf5 Kh6 48. Ke4 Kg6 49. Ke5 Ba3 50. Ke4 Kf6 51. g4 hxg3 52. Kf3
Bd6 53. a3 Kf5 54. b4 Bxb4 0-1

[Event "16. Obert Internacional Sant Martí 2014"]
[Site "Barcelona ESP"]
[Date "2014.07.20"]
[Round "8.40"]
[White "Newrkla, Katharina"]
[Black "Moreno Perez, Norberto"]
[Result "1-0"]
[WhiteElo "2167"]
[BlackElo "1962"]
[PlyCount "95"]
[EventDate "2014.07.13"]
[EventType "swiss"]
[EventRounds "9"]
[EventCountry "ESP"]
[Source "lmi"]
[SourceDate "2014.07.13"]

1. e4 e5 2. Nf3 d6 3. d4 exd4 4. Nxd4 Be7 5. Nc3 Nf6 6. Bf4 O-O 7. Qd2 a6 8.
O-O-O b5 9. f3 Re8 10. g4 g6 11. h4 c5 12. Nde2 Qa5 13. Kb1 b4 14. Nd5 Nxd5 15.
exd5 Nd7 16. h5 Nb6 17. hxg6 fxg6 18. Ng3 Bb7 19. Qh2 h5 20. Nxh5 Kf7 21. Bxd6
Bxd5 22. Rxd5 b3 23. Qf4+ Kg8 24. cxb3 Qe1+ 25. Qc1 Qxc1+ 26. Kxc1 Nxd5 27. Bc4
Bxd6 28. Bxd5+ Kf8 29. Bxa8 Rxa8 30. Nf6 Kf7 31. Ne4 Bf4+ 32. Kc2 Be3 33. Rh7+
Ke6 34. Rg7 g5 35. Rg6+ Ke5 36. Rf6 Kd4 37. Rd6+ Ke5 38. Kd3 Bd4 39. Rf6 Rd8
40. Rf5+ Ke6 41. Nxg5+ Ke7 42. Ne4 Bxb2+ 43. Ke2 Bd4 44. Nxc5 Rc8 45. b4 a5 46.
a3 axb4 47. axb4 Bc3 48. b5 1-0

[Event "16. Obert Internacional Sant Martí 2014"]
[Site "Barcelona ESP"]
[Date "2014.07.20"]
[Round "8.41"]
[White "Krotiuk, Daria"]
[Black "Bernat, Ernest"]
[Result "1/2-1/2"]
[WhiteElo "1924"]
[BlackElo "2101"]
[PlyCount "34"]
[EventDate "2014.07.13"]
[EventType "swiss"]
[EventRounds "9"]
[EventCountry "ESP"]
[Source "lmi"]
[SourceDate "2014.07.13"]

1. e4 c6 2. d4 d5 3. Nd2 dxe4 4. Nxe4 Nd7 5. Nf3 Ngf6 6. Ng3 e6 7. Bd3 Be7 8.
O-O O-O 9. c3 Qc7 10. Bg5 h6 11. Bxf6 Nxf6 12. Ne5 c5 13. Re1 g6 14. Bc2 Bd6
15. Ng4 Nxg4 16. Qxg4 Bxg3 17. hxg3 Kg7 1/2-1/2

[Event "16. Obert Internacional Sant Martí 2014"]
[Site "Barcelona ESP"]
[Date "2014.07.20"]
[Round "8.42"]
[White "Masferrer Niubo, Enric"]
[Black "Hapala, Elisabeth"]
[Result "1/2-1/2"]
[WhiteElo "1996"]
[BlackElo "2068"]
[PlyCount "91"]
[EventDate "2014.07.13"]
[EventType "swiss"]
[EventRounds "9"]
[EventCountry "ESP"]
[Source "lmi"]
[SourceDate "2014.07.13"]

1. e4 c5 2. Nc3 e6 3. g3 d5 4. exd5 exd5 5. d4 cxd4 6. Qxd4 Nf6 7. Be3 Nc6 8.
Bb5 Bd7 9. Bxc6 Bxc6 10. Nge2 Be7 11. Nf4 Qa5 12. O-O-O O-O 13. Rhe1 Rfe8 14.
Nd3 Ne4 15. Bd2 Nxd2 16. Rxd2 Bf6 17. Ne5 Rad8 18. Rde2 Re6 19. f4 Rde8 20. Qd3
Qb6 21. Nxd5 Bxd5 22. Qxd5 Rd8 23. Qb3 Bxe5 24. Qxb6 Rxb6 25. Rxe5 Kf8 26. b3
Rbd6 27. Re7 R6d7 28. Rxd7 Rxd7 29. c4 Rd3 30. Kc2 Rf3 31. Re2 h5 32. b4 h4 33.
c5 hxg3 34. hxg3 Rxg3 35. Re4 Rh3 36. a4 a6 37. b5 axb5 38. axb5 Rh5 39. Rc4
Ke7 40. Kd3 Kd7 41. Rd4+ Kc7 42. Kc4 Rh1 43. b6+ Kc8 44. Kd5 Re1 45. Kc4 Rh1
46. Kd5 1/2-1/2

[Event "16. Obert Internacional Sant Martí 2014"]
[Site "Barcelona ESP"]
[Date "2014.07.20"]
[Round "8.43"]
[White "Ruhlmann, Helene"]
[Black "Benet Morant, Damia"]
[Result "1-0"]
[WhiteElo "1867"]
[BlackElo "2048"]
[PlyCount "145"]
[EventDate "2014.07.13"]
[EventType "swiss"]
[EventRounds "9"]
[EventCountry "ESP"]
[Source "lmi"]
[SourceDate "2014.07.13"]

1. d4 Nf6 2. Nf3 g6 3. g3 Bg7 4. Bg2 O-O 5. O-O d6 6. c4 Nc6 7. Nc3 a6 8. h3
Rb8 9. a4 Bd7 10. a5 e5 11. d5 Ne7 12. e4 Ne8 13. Ne1 c5 14. Nd3 b5 15. axb6
Rxb6 16. Bg5 Bc8 17. Qe2 f6 18. Be3 Rb8 19. Rfb1 f5 20. Ra4 Nf6 21. Kh2 fxe4
22. Nxe4 Nxe4 23. Bxe4 Nf5 24. b4 Nxe3 25. Qxe3 Qd7 26. Ra2 Qxh3+ 27. Kg1 Bh6
28. Qe1 Qg4 29. Qe2 Qxe2 30. Rxe2 a5 31. b5 Bg5 32. Ra2 Bd8 33. Nc1 Kg7 34. Kg2
h5 35. Nb3 Ra8 36. f3 Rf7 37. Rba1 Rfa7 38. Ra4 Bd7 39. Bd3 Bb6 40. Nd2 Rf8 41.
R1a3 Bd8 42. Nb3 Bc7 43. Nd2 Kh6 44. Ra1 Rh8 45. Rb1 Rb8 46. Rba1 g5 47. R4a3
g4 48. Rb1 gxf3+ 49. Nxf3 Bg4 50. Nd2 Rab7 51. Be4 Rf8 52. Rf1 Rxf1 53. Kxf1
Bd1 54. Ra1 Bg4 55. Bd3 Rb8 56. Kg2 Rf8 57. Be4 Kg5 58. Bf3 Bxf3+ 59. Nxf3+ Kf5
60. Nd2 Kg4 61. Ne4 Rf7 62. Ra2 Kf5 63. Rf2+ Kg6 64. Ra2 Kf5 65. Rf2+ Kg6 66.
Re2 Rf8 67. Ra2 h4 68. gxh4 Rf4 69. b6 Bb8 70. Nd2 Rd4 71. Kf2 Rxh4 72. Rxa5
Kf5 73. Ra8 1-0

[Event "16. Obert Internacional Sant Martí 2014"]
[Site "Barcelona ESP"]
[Date "2014.07.20"]
[Round "8.44"]
[White "Julian Barrachina, Lluis"]
[Black "Matsenko, Vadim"]
[Result "0-1"]
[WhiteElo "2125"]
[BlackElo "2108"]
[PlyCount "78"]
[EventDate "2014.07.13"]
[EventType "swiss"]
[EventRounds "9"]
[EventCountry "ESP"]
[Source "lmi"]
[SourceDate "2014.07.13"]

1. c4 e6 2. d4 Nf6 3. g3 d5 4. Bg2 c6 5. Nf3 Be7 6. O-O O-O 7. Nc3 Nbd7 8. b3
b6 9. Qc2 Bb7 10. Rd1 Rc8 11. e4 dxe4 12. Ng5 h6 13. Ngxe4 Nxe4 14. Nxe4 Nf6
15. Bf4 Nxe4 16. Bxe4 Bf6 17. Rd3 Qe7 18. Re1 Rfd8 19. Qd2 Qf8 20. b4 Rd7 21.
Rd1 Rcd8 22. Be3 Be7 23. a3 f5 24. Bg2 e5 25. Bh3 exd4 26. Bf4 c5 27. Be5 cxb4
28. Qf4 Be4 29. Rxd4 Bg5 30. Rxd7 Rxd7 31. Rxd7 Bxf4 32. Bxf4 g5 33. Be5 Qc5
34. Bd4 Qxc4 35. Bf1 Qc1 36. Be3 Qxa3 37. Bc4+ Kf8 38. Bd4 Qc1+ 39. Bf1 Ke8 0-1

[Event "16. Obert Internacional Sant Martí 2014"]
[Site "Barcelona ESP"]
[Date "2014.07.20"]
[Round "8.45"]
[White "Colom Andres, Xavier"]
[Black "Vigo Allepuz, David"]
[Result "0-1"]
[WhiteElo "1905"]
[BlackElo "2085"]
[PlyCount "86"]
[EventDate "2014.07.13"]
[EventType "swiss"]
[EventRounds "9"]
[EventCountry "ESP"]
[Source "lmi"]
[SourceDate "2014.07.13"]

1. c4 e6 2. Nf3 d5 3. b3 c6 4. g3 f5 5. Bg2 Nf6 6. O-O Bd6 7. Bb2 O-O 8. e3 Qe7
9. d4 Nbd7 10. Qc2 b6 11. cxd5 cxd5 12. Ne5 Ba6 13. Rc1 Rac8 14. Qd1 Rxc1 15.
Qxc1 Rc8 16. Qd1 Ne4 17. f3 Nec5 18. b4 Bxe5 19. bxc5 Bf6 20. cxb6 Nxb6 21. Nd2
Qb4 22. Nb3 Na4 23. Bc1 Nc3 24. Qd2 Ne2+ 25. Kf2 Be7 26. Bf1 Nxc1 27. Qxb4 Bxb4
28. Bxa6 Rc2+ 29. Kg1 Nxb3 30. axb3 Bd2 31. Bd3 Bxe3+ 32. Kf1 Rd2 33. Be2 Bxd4
34. Ra6 Bb6 35. h3 Rb2 36. Bd1 e5 37. Ra4 Kf7 38. Ra1 d4 39. Rc1 e4 40. fxe4
fxe4 41. Rc4 Rb1 42. Ke1 e3 43. Ke2 d3+ 0-1

[Event "16. Obert Internacional Sant Martí 2014"]
[Site "Barcelona ESP"]
[Date "2014.07.20"]
[Round "8.47"]
[White "Castillo Dalmau, Albert"]
[Black "Beaskoa Estany, Gabriel"]
[Result "0-1"]
[WhiteElo "1695"]
[BlackElo "1893"]
[PlyCount "138"]
[EventDate "2014.07.13"]
[EventType "swiss"]
[EventRounds "9"]
[EventCountry "ESP"]
[Source "lmi"]
[SourceDate "2014.07.13"]

1. d4 d5 2. Nf3 Nf6 3. g3 c6 4. Bg2 Bf5 5. O-O e6 6. Nbd2 Be7 7. b3 Nbd7 8. Bb2
O-O 9. c4 Ne4 10. Rc1 Rc8 11. Nxe4 Bxe4 12. Nd2 Bxg2 13. Kxg2 f5 14. f4 Qa5 15.
Bc3 Qb6 16. c5 Qd8 17. b4 a6 18. a4 Ra8 19. Nf3 Nf6 20. Qb3 Qe8 21. Rb1 Ne4 22.
Bd2 Bf6 23. Be3 Qh5 24. Qd3 Rfb8 25. Ne5 Bxe5 26. dxe5 Qg6 27. Bd4 h5 28. h4
Qe8 29. a5 Kf7 30. Rf3 Ke7 31. Kf1 Qf7 32. Ke1 Rh8 33. Kd1 Rh6 34. Kc2 Rg6 35.
Rg1 Rg4 36. Kb2 Rf8 37. Bf2 Qg6 38. Qd4 Rd8 39. Be1 Rf8 40. Ka3 Qe8 41. Rgf1 g5
42. hxg5 Nxg5 43. Rd3 Ne4 44. Rh1 Rfg8 45. Qe3 Qg6 46. Rh3 Qh6 47. Qf3 Qg6 48.
Qh1 Rh8 49. Rh4 Rxh4 50. Qxh4+ Kd7 51. Rf3 Qg4 52. Qh2 Rg8 53. Kb3 Ke7 54. Kc2
Kf7 55. Kd3 Kg6 56. Ke3 Kh6 57. Qh1 Qg6 58. Rf1 Nxg3 59. Bxg3 Qxg3+ 60. Qf3 h4
61. Rh1 Qxf3+ 62. Kxf3 Kh5 63. Kf2 Rg7 64. Rh3 d4 65. Rh1 Rd7 66. Rg1 d3 67.
Ke3 d2 68. Rd1 h3 69. Kf2 Kh4 0-1

[Event "16. Obert Internacional Sant Martí 2014"]
[Site "Barcelona ESP"]
[Date "2014.07.20"]
[Round "8.48"]
[White "Santolaria Pena, M."]
[Black "Paragliola, Gennaro"]
[Result "1-0"]
[WhiteElo "1902"]
[BlackElo "1560"]
[PlyCount "81"]
[EventDate "2014.07.13"]
[EventType "swiss"]
[EventRounds "9"]
[EventCountry "ESP"]
[Source "lmi"]
[SourceDate "2014.07.13"]

1. d4 Nf6 2. Nf3 d5 3. e3 g6 4. Nbd2 Bg7 5. Bd3 O-O 6. b3 Nc6 7. c3 Nd7 8. e4
dxe4 9. Nxe4 e5 10. d5 Ne7 11. Bc4 Nb6 12. Ba3 Nxc4 13. bxc4 Re8 14. O-O f5 15.
Neg5 e4 16. Nd4 Be5 17. f4 Bxd4+ 18. cxd4 h6 19. Ne6 Bxe6 20. dxe6 Nc6 21. d5
Ne7 22. Bb2 Kh7 23. Qd4 Rg8 24. Rfd1 Qd6 25. g3 b6 26. a4 Qc5 27. Qxc5 bxc5 28.
Ba3 Nc8 29. Bxc5 Nd6 30. Bxd6 cxd6 31. Rab1 Rab8 32. Kf2 Kg7 33. Ke3 Kf6 34.
Rb5 Rgc8 35. Kd4 Ke7 36. Rdb1 Rxb5 37. Rxb5 Rc7 38. a5 g5 39. a6 gxf4 40. gxf4
Kf6 41. Rb7 1-0

[Event "16. Obert Internacional Sant Martí 2014"]
[Site "Barcelona ESP"]
[Date "2014.07.21"]
[Round "9.1"]
[White "Grigoryan, Karen H"]
[Black "Oliva Castaneda, Kevel"]
[Result "1/2-1/2"]
[WhiteElo "2592"]
[BlackElo "2419"]
[PlyCount "35"]
[EventDate "2014.07.13"]
[EventType "swiss"]
[EventRounds "9"]
[EventCountry "ESP"]
[Source "lmi"]
[SourceDate "2014.07.13"]

1. d4 Nf6 2. c4 g6 3. Nc3 d5 4. Nf3 Bg7 5. cxd5 Nxd5 6. g3 O-O 7. Bg2 c5 8. O-O
Nxc3 9. bxc3 Nc6 10. e3 Be6 11. Qa4 Rc8 12. Ba3 cxd4 13. cxd4 Bd5 14. Rfc1 Be4
15. Qb3 b6 16. Nd2 Bxg2 17. Kxg2 Rc7 18. Nf3 1/2-1/2

[Event "16. Obert Internacional Sant Martí 2014"]
[Site "Barcelona ESP"]
[Date "2014.07.21"]
[Round "9.2"]
[White "Cori, Jorge"]
[Black "Martinez Alcantara, Jose Eduardo"]
[Result "1/2-1/2"]
[WhiteElo "2608"]
[BlackElo "2295"]
[PlyCount "35"]
[EventDate "2014.07.13"]
[EventType "swiss"]
[EventRounds "9"]
[EventCountry "ESP"]
[Source "lmi"]
[SourceDate "2014.07.13"]

1. Nf3 c5 2. c4 g6 3. g3 Bg7 4. Bg2 Nc6 5. Nc3 e6 6. O-O Nge7 7. d3 d5 8. cxd5
exd5 9. Bf4 O-O 10. Qc1 b6 11. Re1 Be6 12. h4 Qd7 13. h5 Bh3 14. Bh6 f6 15.
Bxg7 Kxg7 16. e4 d4 17. Ne2 g5 18. Nh2 1/2-1/2

[Event "16. Obert Internacional Sant Martí 2014"]
[Site "Barcelona ESP"]
[Date "2014.07.21"]
[Round "9.3"]
[White "Lorenzo De La Riva, Lazaro"]
[Black "Burmakin, Vladimir"]
[Result "0-1"]
[WhiteElo "2426"]
[BlackElo "2590"]
[PlyCount "94"]
[EventDate "2014.07.13"]
[EventType "swiss"]
[EventRounds "9"]
[EventCountry "ESP"]
[Source "lmi"]
[SourceDate "2014.07.13"]

1. e4 c6 2. d4 d5 3. e5 Bf5 4. Nf3 e6 5. Be2 Ne7 6. O-O Nc8 7. Nbd2 Be7 8. Nb3
Nd7 9. Bd2 O-O 10. Ba5 Ncb6 11. Ne1 c5 12. f4 Qc8 13. Bxb6 Nxb6 14. Bd3 Bxd3
15. cxd3 c4 16. Nc1 Qd7 17. a4 Rac8 18. Ne2 Bb4 19. Nc2 Be7 20. Ne3 f5 21. Nc3
cxd3 22. Qxd3 Nc4 23. Ned1 Bb4 24. Ra2 Qc6 25. Nb1 Qb6 26. b3 Na5 27. Ne3 Rc7
28. Raf2 Be7 29. Nd2 Rfc8 30. Nd1 g6 31. g4 fxg4 32. Qg3 Nc6 33. Qxg4 Nxd4 34.
h4 Kh8 35. h5 gxh5 36. Qxh5 Nf5 37. Kh2 Rg8 38. Rg2 Rxg2+ 39. Kxg2 Rc8 40. Nf3
Rg8+ 41. Ng5 Bxg5 42. fxg5 Qd8 43. Kf3 Rxg5 44. Qf7 Ng3 45. Ke3 Nxf1+ 46. Qxf1
Rxe5+ 47. Kd4 Rf5 0-1

[Event "16. Obert Internacional Sant Martí 2014"]
[Site "Barcelona ESP"]
[Date "2014.07.21"]
[Round "9.4"]
[White "Alarcon Casellas, Rolando"]
[Black "Bachmann, Axel"]
[Result "0-1"]
[WhiteElo "2378"]
[BlackElo "2652"]
[PlyCount "128"]
[EventDate "2014.07.13"]
[EventType "swiss"]
[EventRounds "9"]
[EventCountry "ESP"]
[Source "lmi"]
[SourceDate "2014.07.13"]

1. e4 e5 2. Nf3 Nc6 3. Bc4 Bc5 4. O-O Nf6 5. d4 Bxd4 6. Nxd4 Nxd4 7. f4 d6 8.
fxe5 dxe5 9. Bg5 Qe7 10. c3 Ne6 11. Bxe6 Bxe6 12. Bxf6 gxf6 13. Na3 Rg8 14. Kh1
Qd7 15. Qxd7+ Kxd7 16. Rxf6 Rg4 17. Re1 Ke7 18. Rf2 Rd8 19. h3 Rf4 20. Rxf4
exf4 21. Nb5 c5 22. b3 Rd2 23. Ra1 a6 24. Nc7 Kd6 25. Nd5 Ke5 26. c4 Kxe4 27.
Re1+ Kf5 28. Nc3 Bd7 29. Nd5 Be6 30. Nc3 Rc2 31. Ne4 b6 32. a4 a5 33. Nd6+ Kg5
34. Ne4+ Kg6 35. Rd1 Rb2 36. Rd3 Re2 37. Nd2 Kf6 38. Kg1 Bf5 39. Rd5 Ke6 40.
Rd8 Ke7 41. Rd5 Be6 42. Rd3 Re3 43. Rxe3 fxe3 44. Ne4 Bf5 45. Nc3 Bc2 46. Nd5+
Kd6 47. Kf1 Bxb3 48. Nxe3 Bxa4 49. Ke2 Bc6 50. g3 Be4 51. Kd2 Ke5 52. Kc3 f5
53. Nd1 f4 54. gxf4+ Kxf4 55. Nb2 Bc6 56. Nd3+ Kg3 57. Ne5 Be8 58. Ng4 Kxh3 59.
Nf6 Bg6 60. Nd5 Kg3 61. Nxb6 h5 62. Nd5 h4 63. Ne3 h3 64. Kb3 Bd3 0-1

[Event "16. Obert Internacional Sant Martí 2014"]
[Site "Barcelona ESP"]
[Date "2014.07.21"]
[Round "9.5"]
[White "Peralta, Fernando"]
[Black "Matsenko, Sergei"]
[Result "1/2-1/2"]
[WhiteElo "2596"]
[BlackElo "2474"]
[PlyCount "111"]
[EventDate "2014.07.13"]
[EventType "swiss"]
[EventRounds "9"]
[EventCountry "ESP"]
[Source "lmi"]
[SourceDate "2014.07.13"]

1. d4 Nf6 2. c4 e6 3. Nc3 Bb4 4. e3 O-O 5. Bd3 c5 6. Nf3 cxd4 7. exd4 d5 8. O-O
dxc4 9. Bxc4 a6 10. a4 Nc6 11. Bg5 h6 12. Bh4 Be7 13. Re1 Bd7 14. Qd2 Rc8 15.
Rad1 Nb4 16. Ne5 Be8 17. Bb3 Rc7 18. Bg3 Nh5 19. d5 Nxg3 20. hxg3 exd5 21. Nxd5
Nxd5 22. Bxd5 Bxa4 23. Nxf7 Qxd5 24. Qxd5 Rxf7 25. Rd4 Bc6 26. Qb3 Bf6 27. Rd6
Be7 28. Rdd1 a5 29. Rc1 a4 30. Qb6 Bf6 31. Red1 Rce7 32. Re1 Rd7 33. Rcd1 Rfe7
34. Qb4 Rxe1+ 35. Rxe1 Rd4 36. Qa5 Rd5 37. Qb4 Rd4 38. Qc5 Rd2 39. Re2 Rxb2 40.
Qc4+ Kh8 41. Re6 Bg5 42. Qd4 Rd2 43. Qc3 Rd5 44. f4 Bd8 45. Rxh6+ Kg8 46. Rxc6
bxc6 47. Qxc6 Rd4 48. Qe8+ Kh7 49. Qh5+ Kg8 50. Qe8+ Kh7 51. Qh5+ Kg8 52. Qc5
Bf6 53. Kh2 g6 54. g4 Rxf4 55. Qc8+ Kf7 56. Qc7+ 1/2-1/2

[Event "16. Obert Internacional Sant Martí 2014"]
[Site "Barcelona ESP"]
[Date "2014.07.21"]
[Round "9.6"]
[White "Lopez Martinez, Josep Manuel"]
[Black "Asis Gargatagli, Hipolito"]
[Result "1-0"]
[WhiteElo "2548"]
[BlackElo "2460"]
[PlyCount "87"]
[EventDate "2014.07.13"]
[EventType "swiss"]
[EventRounds "9"]
[EventCountry "ESP"]
[Source "lmi"]
[SourceDate "2014.07.13"]

1. e4 c5 2. Nf3 d6 3. d4 cxd4 4. Nxd4 Nf6 5. Nc3 a6 6. Be2 e5 7. Nb3 Be7 8. O-O
O-O 9. Be3 Be6 10. Qd3 Nbd7 11. Nd5 Bxd5 12. exd5 g6 13. c4 h5 14. Rad1 Re8 15.
Kh1 Bf8 16. Bg5 Bg7 17. Qh3 Qc7 18. Be3 b6 19. Qh4 Nh7 20. g4 hxg4 21. Qxg4
Ndf6 22. Qg2 Rab8 23. Rg1 Qd7 24. h4 Qf5 25. Nd2 b5 26. b3 e4 27. Nf1 bxc4 28.
bxc4 Rb2 29. Ng3 Qd7 30. h5 Nf8 31. Bd4 Rxa2 32. Rge1 a5 33. Kg1 a4 34. Bxf6
Bxf6 35. Nxe4 Be5 36. hxg6 fxg6 37. Bg4 Qf7 38. c5 dxc5 39. d6 Bd4 40. d7 Rxe4
41. Rxe4 Rxf2 42. Rdxd4 Rxg2+ 43. Kxg2 Nxd7 44. Rxd7 1-0

[Event "16. Obert Internacional Sant Martí 2014"]
[Site "Barcelona ESP"]
[Date "2014.07.21"]
[Round "9.7"]
[White "Rahman, Ziaur"]
[Black "Perez Mitjans, Orelvis"]
[Result "1-0"]
[WhiteElo "2515"]
[BlackElo "2414"]
[PlyCount "61"]
[EventDate "2014.07.13"]
[EventType "swiss"]
[EventRounds "9"]
[EventCountry "ESP"]
[Source "lmi"]
[SourceDate "2014.07.13"]

1. b3 e5 2. Bb2 Nc6 3. e3 Nf6 4. Bb5 e4 5. f4 a6 6. Bxc6 bxc6 7. Nh3 d5 8. Nf2
Bc5 9. Nc3 O-O 10. Na4 Bd6 11. g4 Nd7 12. g5 Nb6 13. Nxb6 cxb6 14. Rg1 c5 15.
Qh5 Be7 16. Ng4 Bxg4 17. Rxg4 Qd7 18. O-O-O Qf5 19. Rh4 Rfc8 20. Rg1 Rc6 21.
Rg3 Qg6 22. Rgh3 h6 23. Qd1 c4 24. Kb1 cxb3 25. axb3 Rac8 26. Rxh6 gxh6 27.
Rxh6 Qxh6 28. gxh6 Kh7 29. Qg4 Bf6 30. Qf5+ Kxh6 31. Bxf6 1-0

[Event "16. Obert Internacional Sant Martí 2014"]
[Site "Barcelona ESP"]
[Date "2014.07.21"]
[Round "9.8"]
[White "Saptarshi, Roy"]
[Black "Cuartas, Jaime Alexander"]
[Result "0-1"]
[WhiteElo "2449"]
[BlackElo "2483"]
[PlyCount "94"]
[EventDate "2014.07.13"]
[EventType "swiss"]
[EventRounds "9"]
[EventCountry "ESP"]
[Source "lmi"]
[SourceDate "2014.07.13"]

1. e4 e5 2. Nf3 Nc6 3. c3 d5 4. Qa4 f6 5. Bb5 Nge7 6. exd5 Qxd5 7. d4 a6 8.
Bxc6+ Qxc6 9. Qxc6+ Nxc6 10. dxe5 Nxe5 11. Nxe5 fxe5 12. O-O Bd6 13. Be3 Bf5
14. Nd2 O-O-O 15. Rfe1 h6 16. f3 g5 17. Bf2 h5 18. Ne4 g4 19. fxg4 Bxg4 20. b4
Rdg8 21. Kh1 Rg6 22. a3 Rhg8 23. Bh4 Bd7 24. g3 Bc6 25. h3 Be7 26. Bxe7 Rxg3
27. Kh2 Rg2+ 28. Kh1 Rc2 29. Re3 Rxc3 30. Rxc3 Bxe4+ 31. Kh2 Rg2+ 32. Kh1 Rc2+
33. Kg1 Rxc3 34. Re1 Bc6 35. Rxe5 Rxh3 36. Bc5 b6 37. Be3 h4 38. Bg5 Rh1+ 39.
Kf2 Rh2+ 40. Ke1 h3 41. Bf4 Ra2 42. Re7 Bd7 43. Re2 Rxa3 44. Rc2 c6 45. Rd2 a5
46. b5 Rf3 47. Bd6 c5 0-1

[Event "16. Obert Internacional Sant Martí 2014"]
[Site "Barcelona ESP"]
[Date "2014.07.21"]
[Round "9.9"]
[White "Cruz, Cristhian"]
[Black "Cori T., Deysi"]
[Result "1-0"]
[WhiteElo "2563"]
[BlackElo "2414"]
[PlyCount "83"]
[EventDate "2014.07.13"]
[EventType "swiss"]
[EventRounds "9"]
[EventCountry "ESP"]
[Source "lmi"]
[SourceDate "2014.07.13"]

1. c4 f5 2. Nc3 Nf6 3. d4 g6 4. h4 Bg7 5. h5 d6 6. hxg6 hxg6 7. Rxh8+ Bxh8 8.
Qd3 c6 9. Qg3 Kf7 10. Nf3 Nh5 11. Qh4 Bf6 12. Bg5 Qa5 13. Bxf6 exf6 14. e3 Na6
15. Be2 Bd7 16. Nd2 Rh8 17. O-O-O Qd8 18. Qh2 Bc8 19. c5 d5 20. Bxa6 bxa6 21.
Qb8 Qe7 22. Nb3 f4 23. Re1 Rd8 24. Qb4 Ng7 25. e4 Re8 26. Re2 f3 27. gxf3 Qc7
28. exd5 Qf4+ 29. Nd2 Rh8 30. Nce4 Rh1+ 31. Kc2 cxd5 32. Nd6+ Kg8 33. Qb8 Kh7
34. Qxc8 Qxd4 35. Re7 Qa4+ 36. Nb3 Rh2 37. Rxg7+ Kxg7 38. Qc7+ Kh8 39. Nf7+ Kg8
40. Qxh2 Qc4+ 41. Kd2 Qb4+ 42. Kd1 1-0

[Event "16. Obert Internacional Sant Martí 2014"]
[Site "Barcelona ESP"]
[Date "2014.07.21"]
[Round "9.10"]
[White "Cruz, Filemon"]
[Black "Vasquez Schroeder, Rodrigo"]
[Result "1-0"]
[WhiteElo "2412"]
[BlackElo "2551"]
[PlyCount "63"]
[EventDate "2014.07.13"]
[EventType "swiss"]
[EventRounds "9"]
[EventCountry "ESP"]
[Source "lmi"]
[SourceDate "2014.07.13"]

1. c4 Nf6 2. Nc3 e6 3. d4 Bb4 4. e3 b6 5. Nge2 Ba6 6. a3 Bxc3+ 7. Nxc3 d5 8. b3
O-O 9. Bb2 c5 10. dxc5 bxc5 11. Bd3 dxc4 12. bxc4 Nbd7 13. Nb5 Bb7 14. O-O Ne8
15. Qc2 a6 16. Nc3 f5 17. Rad1 Qh4 18. f4 Ndf6 19. e4 Ng4 20. g3 Qh5 21. Rfe1
Nd6 22. exf5 Nxf5 23. Bxf5 Rxf5 24. Rxe6 Re8 25. Qe2 Rff8 26. Nd5 Rxe6 27.
Qxe6+ Kh8 28. Rd2 Re8 29. Nc7 Rg8 30. Qe7 Qg6 31. f5 Qxf5 32. Qxg7+ 1-0